00634cam a22002297a 4500003000500000005001700005008004100022010001000063011001000073035001000083040000900093082002000102100002300122245009100145250001000236260003800246300002000284490002300304650002800327650002600355830002300381CHAP20220817041440.0971013s1973 r 00010 d a14773 a15745 a19822 cCHAP a635.92bG7 197300aGraf, Alfred Byrd. 0aExoticab: pictorial cyclopedia of exotic plants from tropical and near-tropic regions a6 ed. aRutherford, N.J. :bRoehrs,c1973 a1833 p.b: ilus 0aRoehrs. Seriev; 314aBotánicaxTrópicos.14aPlantas ornamentales.0 aRoehrs. Seriev; 3